000 01106nam a2200361 a 4500
001 000114321
003 CHAP
005 20220329144436.0
008 180110s1969 mx |r| |||0|||spa d
010 _a110782
011 _a111754
020 _a9684194390
040 _cCHAP
082 0 4 _a335.423
_bP72
100 1 _aPlejanov, Jorge
_989165
245 0 3 _aEl papel del individuo en la historia /
_cpor Jorge Plejanov; traductor Antonio Encinares.
260 _aMéxico :
_bGrijalbo,
_cc1969.
300 _a158 p.
490 1 _aEnlace iniciación
_v35
534 _pTraducción de la revista :
_tLiteratunie Zapiski, Leningrado, 1939.
590 _aBATCH-UPD
_b05
_c20180110
_lUCH01
_h1458
590 _aE11695DGD
_b10
_c20180117
_lUCH01
_h0957
590 _aE6096MTM
_b05
_c20180110
_lUCH01
_h1458
590 _aE6096MTM
_b05
_c20180111
_lUCH01
_h1003
600 0 _aMarx, Karl
_972726
650 1 4 _aHistoria
_xFilosofía.
_955604
650 1 4 _aIndividualismo.
_957675
650 1 4 _aSocialismo.
_9108040
830 0 _aEnlace iniciación
_v35
_936999
901 _aBK
942 _cLIBRO
942 _n0
999 _c110782
_d110782